Belgian Province Names - Statistics

General Stats
  • This quiz has been taken 33 times
  • The average score is 8 of 11
Answer Stats
Answer % Correct
Antwerp
92%
East Flanders
88%
West Flanders
88%
Brussels Capital Region
84%
Limburg
80%
Luxembourg
76%
Namur
76%
Flemish Brabant
68%
Liège
68%
Hainaut
64%
Walloon Brabant
64%
No matching quizzes found
Score Distribution
Percent of People with Each Score
Percentile by Number Answered
Your Score History
You have not taken this quiz